000 00477nam a2200169Ia 4500
008 230917s9999||||xx |||||||||||||| ||und||
020 _cRS 895.00
040 _e5011726
_aMAIN
041 _aEnglish
082 _a891.2109 S59P
100 _aSantosh Devi
245 0 _aPramukh sanskrit mahakavyagat vedic aakhyan
260 _aKurukshetra
_bNirmal Publishing House
_c2016
300 _axxii, 336 p.
500 _a4242 27/12/2021 SP22/8380 24/01/2022 Main Budget
942 _cBK
999 _c3808
_d3808